Cities Over A Million - North America Quiz Stats

 Plays Quiz not verified by Sporcle

Score 0/27 Timer 05:00
0 Plays Today
Country of Origin City % Correct
USANew York
98.3%
MexicoMexico City
97.5%
USALos Angeles
96.7%
CanadaToronto
95.9%
CubaHavana
94.3%
USAChicago
94.2%
CanadaMontréal
94.2%
USAHouston
91.7%
USAPhiladelphia
90.9%
USADallas
89.3%
GuatemalaGuatemala City
88.6%
USASan Diego
88.4%
Dominican RepublicSanto Domingo
86%
USAPhoenix
86%
Country of Origin City % Correct
USASan Antonio
83.5%
MexicoGuadalajara
83.5%
HondurasTegucigalpa
80%
CanadaCalgary
79.3%
NicaraguaManagua
76.9%
MexicoTijuana
73.6%
MexicoMonterrey
72.7%
MexicoCiudad Juárez
65.3%
MexicoPuebla
49.6%
MexicoLeón
43%
MexicoEcatepec
25.6%
MexicoZapopan
18.2%
MexicoNezahualcóyotl
18.2%

You're not logged in!

Compare scores with friends on all Sporcle quizzes.
OR
Log In

Sporcle TV

Today on Sporcle TV


Watch our educational content, quiz creation guides, and fun videos on Sporcle TV.

Show Comments

Extras

Top Quizzes Today


Score Distribution

Your Account Isn't Verified!

In order to create a playlist on Sporcle, you need to verify the email address you used during registration. Go to your Sporcle Settings to finish the process.

Report this User

Report this user for behavior that violates our Community Guidelines.

Details: